[Event "Lipetsk King's Gambit-B"]
[Site "Lipetsk"]
[Date "2010.06.29"]
[Round "7"]
[White "Venevtsev, Andrey"]
[Black "Odnorozhenko, Evgenyi"]
[Result "1/2-1/2"]
[WhiteElo "2310"]
[BlackElo "2309"]
[PlyCount "30"]
[EventDate "2010.06.23"]
[EventType "tourn"]
[EventRounds "9"]
[EventCountry "RUS"]
[EventCategory "3"]
[SourceTitle "CBM 137 Extra"]
[Source "ChessBase"]
[SourceDate "2010.09.01"]
[SourceVersion "1"]
[SourceVersionDate "2010.09.01"]
[SourceQuality "1"]

1. e4 c5 2. Nf3 Nc6 3. d4 cxd4 4. Nxd4 g6 5. c4 Nf6 6. Nc3 d6 7. Be2 Nxd4 8. Qxd4 Bg7 9. Bg5 0-0 10. Qd2 Be6 11. 0-0 Qa5 12. Rac1 Rac8 13. b3 a6 14. Bd3 Rfe8 15. h3 Nd7 1/2-1/2

[Event "Lipetsk King's Gambit-B"]
[Site "Lipetsk"]
[Date "2010.06.23"]
[Round "1"]
[White "Vakhlamov, Igor L"]
[Black "Venevtsev, Andrey"]
[Result "1-0"]
[WhiteElo "2280"]
[BlackElo "2310"]
[PlyCount "115"]
[EventDate "2010.06.23"]
[EventType "tourn"]
[EventRounds "9"]
[EventCountry "RUS"]
[EventCategory "3"]
[SourceTitle "CBM 137 Extra"]
[Source "ChessBase"]
[SourceDate "2010.09.01"]
[SourceVersion "1"]
[SourceVersionDate "2010.09.01"]
[SourceQuality "1"]

1. Nf3 Nf6 2. c4 g6 3. Nc3 Bg7 4. e4 0-0 5. d4 c5 6. Be2 d6 7. 0-0 Na6 8. d5 Bg4 9. Be3 e6 10. dxe6 fxe6 11. h3 Bxf3 12. Bxf3 Qe7 13. e5 dxe5 14. Qb3 Rab8 15. Qb5 Rfd8 16. Rad1 Rd4 17. Bxd4 cxd4 18. Ne4 Nxe4 19. Bxe4 Nc5 20. Rfe1 a6 21. Qb6 Rf8 22. b4 Na4 23. Qxb7 Qh4 24. Bf3 Nc3 25. Rd3 e4 26. Rxe4 Nxe4 27. Qxe4 Qxe4 28. Bxe4 Rc8 29. c5 a5 30. a3 axb4 31. axb4 Rb8 32. Rb3 Bf8 33. c6 Bd6 34. b5 Bc7 35. Ra3 Bb6 36. Ra6 Bc7 37. Ra7 Bb6 38. Rd7 e5 39. Bd3 Ba5 40. c7 Rc8 41. Rd5 Rxc7 42. g3 Rc3 43. Be4 Bc7 44. Rd7 Rc5 45. Bc6 Ba5 46. g4 Rc1+ 47. Kg2 Rc2 48. Bd5+ Kh8 49. g5 Rc8 50. Be4 Rd8 51. Ra7 Bb6 52. Rb7 Rd6 53. Bd3 Ba5 54. h4 e4 55. Bxe4 d3 56. Bf3 d2 57. Bd1 h6 58. gxh6 1-0

[Event "Lipetsk"]
[Site "Lipetsk"]
[Date "2010.01.19"]
[Round "6"]
[White "Venevtsev, Andrey"]
[Black "Filin, Alexander"]
[Result "1-0"]
[WhiteElo "2287"]
[BlackElo "2186"]
[PlyCount "113"]
[EventDate "2010.01.14"]
[EventType "tourn"]
[EventRounds "8"]
[EventCountry "RUS"]
[SourceTitle "EXT 2022"]
[Source "ChessBase"]
[SourceDate "2021.10.06"]
[SourceVersion "1"]
[SourceVersionDate "2021.10.06"]
[SourceQuality "1"]

1. e4 c5 2. Nf3 d6 3. d4 cxd4 4. Nxd4 Nf6 5. Nc3 g6 6. Be3 Bg7 7. f3 Nc6 8. Qd2 Bd7 9. 0-0-0 0-0 10. g4 Rc8 11. h4 h5 12. Nxc6 bxc6 13. e5 dxe5 14. gxh5 Bf5 15. Qg2 Nd5 16. hxg6 Nxe3 17. gxf7+ Kxf7 18. Rxd8 Nxg2 19. Rxc8 Bh6+ 20. Kb1 Rxc8 21. Bxg2 Rg8 22. Bf1 Rg3 23. Be2 Be3 24. Ne4 Rg2 25. Bd3 Kg6 26. a4 Kh6 27. Re1 Bd4 28. Nc5 Bc8 29. Nb3 Rg1 30. Rxg1 Bxg1 31. Na5 Bd7 32. Be4 c5 33. Nc6 Bxc6 34. Bxc6 Bf2 35. Ka2 Bxh4 36. Kb3 Bf2 37. Kc4 Kg5 38. Kb5 c4 39. Kxc4 Kf4 40. Kd3 Kf5 41. Bd5 e6 42. Be4+ Kf6 43. Kc4 Ke7 44. Kb5 Kd6 45. Bh7 Bd4 46. c3 Be3 47. Bg8 Bc1 48. b4 Bd2 49. c4 Be1 50. c5+ Kd7 51. Kc4 Bf2 52. Bf7 Ke7 53. b5 Be1 54. b6 axb6 55. cxb6 Bf2 56. Kb5 Kd7 57. a5 1-0

[Event "Lipetsk King's Gambit op 3rd"]
[Site "Lipetsk"]
[Date "2009.07.01"]
[Round "9"]
[White "Benza, Artem"]
[Black "Venevtsev, Andrey"]
[Result "0-1"]
[WhiteElo "2272"]
[BlackElo "2285"]
[PlyCount "118"]
[EventDate "2009.06.23"]
[EventType "swiss"]
[EventRounds "9"]
[EventCountry "RUS"]
[SourceTitle "EXT 2022"]
[Source "ChessBase"]
[SourceDate "2021.10.06"]
[SourceVersion "1"]
[SourceVersionDate "2021.10.06"]
[SourceQuality "1"]

1. c4 e5 2. g3 d5 3. cxd5 Nf6 4. Bg2 Nxd5 5. Nc3 Nb6 6. Nf3 Nc6 7. 0-0 Be7 8. d3 0-0 9. a3 Be6 10. b4 a5 11. b5 Nd4 12. Nd2 Nd5 13. Bxd5 Bxd5 14. e3 Nxb5 15. Nxb5 Bc6 16. Qb3 a4 17. Qb1 Qd5 18. e4 Qxb5 19. Nc4 Qxb1 20. Rxb1 f6 21. f4 b5 22. Ne3 Rad8 23. Rd1 Bc5 24. Kf1 f5 25. Nd5 fxe4 26. dxe4 exf4 27. gxf4 Bd7 28. f5 Bxf5 29. exf5 Rxf5+ 30. Kg2 Rfxd5 31. Rxd5 Rxd5 32. Rxb5 Re5 33. Bf4 Re2+ 34. Kf3 Rc2 35. Bxc7 Bxa3 36. Be5 Be7 37. Rb7 Bf6 38. Bxf6 gxf6 39. Ra7 Rc4 40. Kg3 Rb4 41. Kf3 h6 42. Kg3 h5 43. h4 Kf8 44. Ra5 Rg4+ 45. Kh3 Kg7 46. Rxh5 Rg1 47. Ra5 Ra1 48. Kg4 a3 49. Kh5 a2 50. Ra7+ Kf8 51. Kh6 f5 52. Kh5 f4 53. Kh6 f3 54. Ra3 Ke7 55. Rxf3 Rb1 56. Ra3 a1Q 57. Rxa1 Rxa1 58. Kg7 Rg1+ 59. Kh7 Kf6 0-1

[Event "Lipetsk King's Gambit op 3rd"]
[Site "Lipetsk"]
[Date "2009.06.26"]
[Round "4"]
[White "Degtiarev, Viktor"]
[Black "Venevtsev, Andrey"]
[Result "0-1"]
[WhiteElo "1911"]
[BlackElo "2285"]
[PlyCount "162"]
[EventDate "2009.06.23"]
[EventType "swiss"]
[EventRounds "9"]
[EventCountry "RUS"]
[SourceTitle "EXT 2022"]
[Source "ChessBase"]
[SourceDate "2021.10.06"]
[SourceVersion "1"]
[SourceVersionDate "2021.10.06"]
[SourceQuality "1"]

1. e4 e6 2. d4 d5 3. Nd2 c5 4. Ngf3 Nc6 5. exd5 exd5 6. Bb5 Qe7+ 7. Qe2 Qxe2+ 8. Bxe2 Bf5 9. c3 Nf6 10. 0-0 Bd6 11. dxc5 Bxc5 12. Nb3 Bb6 13. Rd1 0-0 14. Nbd4 Bg4 15. h3 Bd7 16. Be3 Rfe8 17. Nc2 h6 18. Kf1 Bc7 19. Nfd4 Bb6 20. Nb5 Bf5 21. Bd3 Bxd3+ 22. Rxd3 Ne5 23. Rdd1 Re6 24. b3 Rc8 25. Nbd4 Ree8 26. Ne2 Ned7 27. Rac1 Nc5 28. Bd4 Nce4 29. Bxb6 axb6 30. Nb4 Red8 31. f3 Ng5 32. Rd3 Ne6 33. Rcd1 Rc5 34. c4 d4 35. Nxd4 Nf4 36. R3d2 Rg5 37. Nbc2 N6h5 38. Ne1 Ng3+ 39. Kf2 Re8 40. h4 Rg6 41. Nd3 Ngh5 42. Nxf4 Nxf4 43. g3 Nh5 44. g4 Nf4 45. h5 Rf6 46. Nf5 g6 47. hxg6 fxg6 48. Nxh6+ Kg7 49. g5 Nh3+ 50. Kg3 Nxg5 51. Ng4 Rxf3+ 52. Kg2 Rf7 53. Rf1 Rfe7 54. Rdf2 Ne4 55. Re2 Nc3 56. Rxe7+ Rxe7 57. Rf2 Re4 58. Nf6 Re6 59. Ng4 b5 60. Rc2 b4 61. Nf2 Re3 62. Ng4 Re1 63. Nf2 Ra1 64. Nd3 Nxa2 65. Kf2 g5 66. Ke3 b6 67. Rd2 Nc1 68. Nxc1 Rxc1 69. Kd4 Rc3 70. Rb2 Rf3 71. Kd5 Rf6 72. Rg2 Kg6 73. Ke5 Rf3 74. Rb2 g4 75. Kd6 Rf6+ 76. Ke5 Kg5 77. Kd4 g3 78. Rg2 Kg4 79. c5 Rf4+ 80. Kd3 bxc5 81. Rc2 Rf3+ 0-1

[Event "Lipetsk-ch"]
[Site "Lipetsk"]
[Date "2009.05.30"]
[Round "5"]
[White "Venevtsev, Andrey"]
[Black "Malinin, Sergey Alekseevich"]
[Result "1-0"]
[WhiteElo "2285"]
[BlackElo "1990"]
[PlyCount "103"]
[EventDate "2009.05.22"]
[EventType "swiss"]
[EventRounds "9"]
[EventCountry "RUS"]
[SourceTitle "EXT 2022"]
[Source "ChessBase"]
[SourceDate "2021.10.06"]
[SourceVersion "1"]
[SourceVersionDate "2021.10.06"]
[SourceQuality "1"]

1. e4 d6 2. d4 g6 3. Nc3 Bg7 4. Be3 c6 5. f4 Nd7 6. Nf3 b5 7. Bd3 Ngf6 8. h3 a6 9. 0-0 b4 10. Ne2 0-0 11. c4 c5 12. d5 Qc7 13. Qd2 a5 14. Rae1 Ba6 15. Ng5 Nb6 16. e5 Ne8 17. b3 dxe5 18. f5 Bc8 19. Ng3 Nd6 20. fxg6 hxg6 21. Qf2 Nd7 22. N3e4 Nf5 23. Nxc5 Nxc5 24. Bxc5 Bh6 25. Bb6 Qb8 26. Ne4 Nd6 27. Be3 Bg7 28. Ng5 f6 29. Nh7 f5 30. Nxf8 Kxf8 31. Bg5 Nf7 32. Qh4 Qb6+ 33. Be3 Qd6 34. Qf2 Kg8 35. Bb1 Bb7 36. Rd1 Ba6 37. Bc5 Qf6 38. Rfe1 Nd6 39. Bb6 Bc8 40. Bd3 e4 41. Bb1 e5 42. dxe6 Qxe6 43. Bd4 Bh6 44. Qh4 g5 45. Qh5 Bd7 46. Bc5 Nb7 47. Bd4 Nd6 48. Be3 Be8 49. Qe2 Nb7 50. Bd4 Nd6 51. Bb2 Rd8 52. Rd5 1-0

[Event "Moscow op-A"]
[Site "Moscow"]
[Date "2009.02.06"]
[Round "7"]
[White "Novichkov, Valery"]
[Black "Venevtsev, Andrey"]
[Result "1-0"]
[WhiteElo "2400"]
[BlackElo "2230"]
[PlyCount "29"]
[EventDate "2009.01.31"]
[EventType "swiss"]
[EventRounds "9"]
[EventCountry "RUS"]
[SourceTitle "EXT 2023"]
[Source "ChessBase"]
[SourceDate "2022.10.05"]
[SourceVersion "1"]
[SourceVersionDate "2022.10.05"]
[SourceQuality "1"]

1. e4 e6 2. d4 d5 3. Nc3 Bb4 4. e5 c5 5. Bd2 Ne7 6. a3 Bxc3 7. Bxc3 cxd4 8. Qxd4 Nbc6 9. Qg4 0-0 10. Nf3 Nf5 11. Bd3 d4 12. Bd2 Qd5 13. Qe4 Qxe4+ 14. Bxe4 Nfe7 15. a4 1-0

[Event "CFO-chT"]
[Site "Elets"]
[Date "2008.12.20"]
[Round "6"]
[White "Venevtsev, Andrey"]
[Black "Tkachev, Grigory"]
[Result "1-0"]
[WhiteElo "2235"]
[BlackElo "2162"]
[PlyCount "69"]
[EventDate "2008.12.17"]
[EventType "team-tourn"]
[EventRounds "7"]
[EventCountry "RUS"]
[SourceTitle "EXT 2011"]
[Source "ChessBase"]
[SourceDate "2010.11.26"]
[SourceVersion "1"]
[SourceVersionDate "2010.11.26"]
[SourceQuality "1"]

1. e4 c5 2. Nf3 Nc6 3. d4 cxd4 4. Nxd4 Nf6 5. Nc3 e5 6. Ndb5 d6 7. Bg5 a6 8. Na3 b5 9. Bxf6 gxf6 10. Nd5 f5 11. Bd3 Be6 12. 0-0 Rg8 13. c4 bxc4 14. Nxc4 Bxd5 15. exd5 Nd4 16. Qa4+ Ke7 17. Kh1 Kf6 18. Rac1 Bh6 19. f4 Bxf4 20. Rxf4 exf4 21. Nxd6 Qxd6 22. Qxd4+ Ke7 23. Bxf5 Kf8 24. Bxh7 Rg7 25. Be4 Re8 26. Bf3 Kg8 27. Kg1 Rd8 28. h3 Rg3 29. Rc4 Qe7 30. Qxf4 Qe1+ 31. Kh2 Rg6 32. Bh5 Rg7 33. Bxf7+ Kf8 34. Be6+ Ke8 35. Re4 1-0

[Event "CFO-chT"]
[Site "Elets"]
[Date "2008.12.18"]
[Round "3"]
[White "Simakov, Andrey Grigorievich"]
[Black "Venevtsev, Andrey"]
[Result "0-1"]
[WhiteElo "2093"]
[BlackElo "2235"]
[PlyCount "104"]
[EventDate "2008.12.17"]
[EventType "team-tourn"]
[EventRounds "7"]
[EventCountry "RUS"]
[SourceTitle "EXT 2011"]
[Source "ChessBase"]
[SourceDate "2010.11.26"]
[SourceVersion "1"]
[SourceVersionDate "2010.11.26"]
[SourceQuality "1"]

1. d4 Nf6 2. c4 c5 3. d5 e6 4. Nc3 exd5 5. cxd5 d6 6. e4 g6 7. Nf3 Bg7 8. Be2 0-0 9. 0-0 Re8 10. Nd2 a6 11. a4 Nbd7 12. f4 c4 13. a5 Nc5 14. Bf3 Qc7 15. e5 dxe5 16. fxe5 Nfd7 17. d6 Qd8 18. Nxc4 Nxe5 19. Nxe5 Bxe5 20. Qd5 Qxd6 21. Qxd6 Bxd6 22. Nd5 Be5 23. Nb6 Rb8 24. Nxc8 Rbxc8 25. Bd5 Rc7 26. Ra3 Rd7 27. Bc4 Bd4+ 28. Kh1 Kg7 29. Raf3 f6 30. g3 Ne4 31. Rd3 Ree7 32. Kg2 Nc5 33. Rd2 Ne4 34. Rd3 Bc5 35. Rfd1 Rxd3 36. Rxd3 Nd6 37. Bb3 Re2+ 38. Kh3 g5 39. Rd2 Re1 40. Rc2 Ne4 41. Bd5 Nf2+ 42. Kg2 Nd3 43. Bd2 Re2+ 44. Kf3 Rxh2 45. Ke4 Nb4 46. Rxc5 Rxd2 47. Rc7+ Kh6 48. Bg8 Rxb2 49. Rxh7+ Kg6 50. Rxb7 f5+ 51. Kf3 g4+ 52. Kf4 Nd3+ 0-1

[Event "Lipetsk-A 17th"]
[Site "Lipetsk"]
[Date "2008.11.30"]
[Round "3"]
[White "Skomorohov, Grigorij"]
[Black "Venevtsev, Andrey"]
[Result "0-1"]
[WhiteElo "2200"]
[BlackElo "2235"]
[PlyCount "68"]
[EventDate "2008.11.28"]
[EventType "tourn"]
[EventRounds "9"]
[EventCountry "RUS"]
[SourceTitle "EXT 2022"]
[Source "ChessBase"]
[SourceDate "2021.10.06"]
[SourceVersion "1"]
[SourceVersionDate "2021.10.06"]
[SourceQuality "1"]

1. e4 e6 2. d4 d5 3. exd5 exd5 4. Bd3 c5 5. dxc5 Bxc5 6. Nf3 Nf6 7. 0-0 0-0 8. c3 Nc6 9. Bg5 Re8 10. Nbd2 Bg4 11. Qa4 Bh5 12. Qh4 Bg6 13. Bxg6 hxg6 14. Rfe1 Qd6 15. Rad1 Rxe1+ 16. Rxe1 Re8 17. Rxe8+ Nxe8 18. Nb3 Bb6 19. Nbd4 Nf6 20. Be3 Qe7 21. Qh3 Qe8 22. Qh4 Na5 23. Nc2 Bxe3 24. Nxe3 Qb5 25. b4 Nc6 26. Qh3 Ne7 27. Qg3 Ne4 28. Nd4 Qd3 29. Qb8+ Kh7 30. h3 Qb1+ 31. Kh2 Nxf2 32. Qxb7 Qh1+ 33. Kg3 Ne4+ 34. Kh4 Qe1+ 0-1

[Event "Lipetsk Rating 16th"]
[Site "Lipetsk"]
[Date "2008.10.25"]
[Round "8"]
[White "Skomorohov, Grigorij"]
[Black "Venevtsev, Andrey"]
[Result "1/2-1/2"]
[WhiteElo "2200"]
[BlackElo "2235"]
[PlyCount "48"]
[EventDate "2008.10.18"]
[EventType "tourn"]
[EventRounds "9"]
[EventCountry "RUS"]
[SourceTitle "EXT 2022"]
[Source "ChessBase"]
[SourceDate "2021.10.06"]
[SourceVersion "1"]
[SourceVersionDate "2021.10.06"]
[SourceQuality "1"]

1. e4 e6 2. d4 d5 3. exd5 exd5 4. Bd3 Nc6 5. c3 Bd6 6. Qf3 Nf6 7. h3 Ne4 8. Bf4 0-0 9. Bxd6 Qxd6 10. Ne2 Bd7 11. 0-0 Rae8 12. Qf4 Ne7 13. Qxd6 Nxd6 14. Nd2 Bf5 15. Bxf5 Nexf5 16. Rfe1 c6 17. Nf4 Ne4 18. Nf1 Nfd6 19. f3 Nf6 20. Nd3 Nd7 21. Nd2 f6 22. Kf2 Kf7 23. Rxe8 Rxe8 24. a4 Nf5 1/2-1/2

[Event "Lipetsk King's Gambit-B"]
[Site "Lipetsk"]
[Date "2008.07.17"]
[Round "9"]
[White "Venevtsev, Andrey"]
[Black "Bazarov, Konstantin"]
[Result "0-1"]
[WhiteElo "2237"]
[BlackElo "2234"]
[PlyCount "108"]
[EventDate "2008.07.09"]
[EventType "tourn"]
[EventRounds "11"]
[EventCountry "RUS"]
[EventCategory "2"]
[SourceTitle "CBM 125 Extra"]
[Source "ChessBase"]
[SourceDate "2008.09.01"]
[SourceVersion "1"]
[SourceVersionDate "2008.09.01"]
[SourceQuality "1"]

1. e4 c5 2. Nf3 Nc6 3. d4 cxd4 4. Nxd4 e5 5. Nf3 Nf6 6. Bc4 h6 7. 0-0 Be7 8. Nc3 d6 9. h3 0-0 10. Be3 Be6 11. Bb3 a6 12. Qe2 Qc7 13. Rfd1 Rac8 14. Nh4 Na5 15. Nf5 Nxb3 16. axb3 Bxf5 17. exf5 Rfd8 18. f4 d5 19. fxe5 Qxe5 20. Bb6 Qxe2 21. Nxe2 Rd6 22. Ba5 Rxc2 23. Nd4 Rc8 24. Rac1 Rxc1 25. Rxc1 Rd7 26. Rc8+ Kh7 27. Kf1 Ne4 28. Ke2 Bf6 29. Bc3 Bxd4 30. Bxd4 Ng3+ 31. Kd3 Nxf5 32. Bf2 Ne7 33. Rc5 Nc6 34. Be1 Kg6 35. b4 Na7 36. Bg3 Nb5 37. Rc8 f6 38. Bh2 Kf5 39. g4+ Kg5 40. Bg3 Kg6 41. Bf4 Na7 42. Rc5 Kf7 43. h4 Ke6 44. Rc1 Nc6 45. Re1+ Kf7 46. Kc3 Re7 47. Rxe7+ Kxe7 48. Bd2 Ke6 49. Bf4 b5 50. Bg3 d4+ 51. Kb3 Kd5 52. Bf4 g5 53. hxg5 hxg5 54. Bd2 Ne5 0-1

[Event "Lipetsk King's Gambit-B"]
[Site "Lipetsk"]
[Date "2008.07.16"]
[Round "8"]
[White "Pesotsky, Vitaly"]
[Black "Venevtsev, Andrey"]
[Result "1/2-1/2"]
[WhiteElo "2338"]
[BlackElo "2237"]
[PlyCount "69"]
[EventDate "2008.07.09"]
[EventType "tourn"]
[EventRounds "11"]
[EventCountry "RUS"]
[EventCategory "2"]
[SourceTitle "CBM 125 Extra"]
[Source "ChessBase"]
[SourceDate "2008.09.01"]
[SourceVersion "1"]
[SourceVersionDate "2008.09.01"]
[SourceQuality "1"]

1. Nf3 Nf6 2. g3 e6 3. c4 d5 4. cxd5 exd5 5. Bg2 Bd6 6. 0-0 0-0 7. Nc3 c6 8. a3 Re8 9. d3 Bg4 10. h3 Bh5 11. e4 dxe4 12. dxe4 Nxe4 13. Nxe4 Rxe4 14. Bf4 Bc7 15. Qxd8+ Bxd8 16. Rfe1 Rxe1+ 17. Rxe1 f6 18. Nd4 Bf7 19. b4 g6 20. Nb5 Nd7 21. Nd6 g5 22. Be3 Bd5 23. Nxb7 Bxg2 24. Kxg2 Bb6 25. Bxb6 axb6 26. Re7 Ne5 27. Nd6 Rxa3 28. Ne4 Kf8 29. Rb7 b5 30. Nxf6 h6 31. Nd7+ Nxd7 32. Rxd7 Rb3 33. Rd6 Rxb4 34. Rxc6 Kg7 35. Rb6 1/2-1/2